000 00545nam a2200169 i 4500
001 20293
003 ES-MaACL
005 20230906152255.0
007 t|
008 021111s1915 sp |||| | spa d
100 1 _aAguilar, Fernando de.
_918690
245 1 0 _aMis viajes
_b: impresiones recogidas en un viaje por Francia, Suiza y Alemania durante el verano de 1914 /
_cFernando de Aguilar.
260 _aMadrid :
_bJaime Ratés,
_c1915.
300 _a2 v. ;
_c21 cm.
651 4 _aEuropa-
_xDescripción.
_98594
852 _aES-MaACL
_j1498-F-6-7
999 _c20293
_d20293